000 00478nam a2200181 a 4500
001 4640
003 CO-ViMGA
008 141112s2004 ck r 000 u spa d
040 _aCO-ViMGA
_bspa
_cCO-ViMGA
082 0 4 _a306.83 L384
100 1 _aLevi - Straves, Claude
_955605
245 1 0 _aLas estructuras elementales del parentesco
260 _aBarcelona :
_bPaidos,
_c1991
300 _a575 p
490 _aPaidos básica, 3
650 1 4 _aPARENTESCO
_955606
942 _2ddc
_cBK
999 _c16650
_d16650